Movies Quiz

Random Movies or State Quiz

State Movies Quiz Stats

 Plays Quiz Updated Jan 9, 2012

Also try: Movie by State
Challenge
Share
Tweet
Embed
Score 0/24 Timer 07:00
0 Plays Today
Year Movie % Correct
2002Sweet Home Alabama
67.3%
1987Raising Arizona
42.1%
2002Gangs of New York
28.6%
1961Blue Hawaii
28.3%
1939Mr. Smith Goes to Washington
26.4%
1981Escape From New York
25.5%
1955Oklahoma!
23.9%
1991My Own Private Idaho
17.8%
2007Georgia Rule
17.7%
1988Mississippi Burning
17.7%
1974The Texas Chainsaw Massacre
11.4%
1999Mystery, Alaska
10.5%
Year Movie % Correct
1996Feeling Minnesota
8.5%
1999Happy, Texas
6.5%
1966Who's Afraid of Virginia Woolf?
5.4%
1990King of New York
4.5%
2000Autumn in New York
4.1%
1982The Best Little Whorehouse in Texas
4%
1984The Hotel New Hampshire
3.3%
1976The Missouri Breaks
3%
2007King of California
2.7%
1977The Kentucky Fried Movie
2%
2005The Prize Winner of Defiance, Ohio
1.6%
1997Truth or Consequences New Mexico
1.5%

You're not logged in!

Compare scores with friends on all Sporcle quizzes.
OR
Log In

You Might Also Like...

Show Comments

Extras

Top Quizzes Today


Score Distribution

Your Account Isn't Verified!

In order to create a playlist on Sporcle, you need to verify the email address you used during registration. Go to your Sporcle Settings to finish the process.

Report this User

Report this user for behavior that violates our Community Guidelines.

Details: